000170383 001__ 170383
000170383 005__ 20260420103354.0
000170383 0248_ $$2sideral$$a148776
000170383 037__ $$aART-2026-148776
000170383 041__ $$aspa
000170383 100__ $$0(orcid)0000-0002-4850-7869$$aAsión Suñer, Ana$$uUniversidad de Zaragoza
000170383 245__ $$aInterior Berlanga
000170383 260__ $$c2026
000170383 5060_ $$aAccess copy available to the general public$$fUnrestricted
000170383 5203_ $$aLuis García Berlanga (1921-2010) ha sido uno de los directores fundamentales para entender la historia contemporánea de España. Adentrarse en sus largometrajes supone descubrir una mirada distinta de la segunda mitad del siglo XX en el país; trabajos que, desde un humor ácido e irónico, supieron retratar a una sociedad en transición. Un cineasta cuyo legado no conoce límites, admirado y respetado dentro y fuera del país, e incluso reconocido por la Real Academia Española. De hecho, el término berlanguiano se utiliza para hacer referencia a su figura o su obra.[1] Conocer y difundir su aportación al séptimo arte es sin duda sinónimo de comprender mejor el pasado más reciente del país.
000170383 540__ $$9info:eu-repo/semantics/openAccess$$aAll rights reserved$$uhttp://www.europeana.eu/rights/rr-f/
000170383 655_4 $$ainfo:eu-repo/semantics/other$$vinfo:eu-repo/semantics/publishedVersion
000170383 7102_ $$13007$$2465$$aUniversidad de Zaragoza$$bDpto. Historia del Arte$$cÁrea Historia del Arte
000170383 773__ $$g74 (2026), [2 p.]$$pAACA digit.$$tAACA Digital$$x1988-5180
000170383 85641 $$uhttps://aacadigital.com/articulos/interior-berlanga/$$zTexto completo de la revista
000170383 8564_ $$s63388$$uhttps://zaguan.unizar.es/record/170383/files/texto_completo.pdf$$yVersión publicada
000170383 8564_ $$s2044886$$uhttps://zaguan.unizar.es/record/170383/files/texto_completo.jpg?subformat=icon$$xicon$$yVersión publicada
000170383 909CO $$ooai:zaguan.unizar.es:170383$$particulos$$pdriver
000170383 951__ $$a2026-04-18-10:48:28
000170383 980__ $$aARTICLE